LEADER 01784nam 2200445 450 001 9910398045403321 005 20200620101433.0 010 $a84-1324-621-0 035 $a(CKB)4100000010958584 035 $a(MiAaPQ)EBC6774616 035 $a(EXLCZ)994100000010958584 100 $a20200620d2019 uy 0 101 0 $aspa 135 $aurcnu|||||||| 181 $ctxt$2rdacontent/spa 182 $cc$2rdamedia/spa 183 $acr$2rdacarrier/spa 200 10$aEstudio ba?sico sobre la guarda de hecho $ealgunas reflexiones sustantivas y procesales notables de lege data y de lege ferenda : de la Convencio?n de Nueva York de 13 de diciembre de 2006 al Anteproyecto de Ley por la que se reforma la legislacio?n civil y procesal en materia de discapacidad de 26 de septiembre de 2018 /$fFrancisco Lledo? Yagu?e, Oscar Monje Balmaseda, Ainhoa Gutie?rrez Barrenengoa 210 1$aMadrid :$cDykinson,$d2019. 215 $a1 recurso en li?nea (138 pa?ginas) 311 $a84-1324-554-0 320 $aContiene bibliografi?a. 606 $aPeople with disabilities$xLegal status, laws, etc 606 $aGuardian and ward 606 $aPersonas con discapacidad$xEstatus legal, leyes, etc 606 $aTutela 608 $aLibros electronicos. 615 0$aPeople with disabilities$xLegal status, laws, etc. 615 0$aGuardian and ward. 615 4$aPersonas con discapacidad$xEstatus legal, leyes, etc. 615 4$aTutela. 676 $a342.087 700 $aLledo? Yagu?e$b Francisco$0851107 702 $aMonje Balmaceda$b Oscar 702 $aGutie?rrez Barrenengoa$b Ainhoa 801 0$bFINmELB 906 $aBOOK 912 $a9910398045403321 996 $aEstudio ba?sico sobre la guarda de hecho$92293348 997 $aUNINA LEADER 05192nam 22004933 450 001 9910795153103321 005 20220413084620.0 010 $a981-5036-96-3 035 $a(CKB)4900000001455482 035 $a(MiAaPQ)EBC6950974 035 $a(Au-PeEL)EBL6950974 035 $a(NjHacI)994900000001455482 035 $a(BIP)083860781 035 $a(EXLCZ)994900000001455482 100 $a20220413d2022 uy 0 101 0 $aeng 135 $aurcnu|||||||| 181 $ctxt$2rdacontent 182 $cc$2rdamedia 183 $acr$2rdacarrier 200 10$aEmerging Trends in Veterinary Virology 210 1$aSingapore :$cBentham Science Publishers,$d2022. 210 4$dİ2022. 215 $a1 online resource (151 pages) 225 0 $aAdvances in Organic Synthesis Series 311 $a981-5036-97-1 327 $aCover -- Title -- Copyright -- End User License Agreement -- Contents -- List of Contributors -- Recent Advances in Copper-catalyzed Heterocyclic Syntheses -- Jitender Bhalla1,* -- INTRODUCTION -- CLASSIFICATION -- Organic Compounds -- Heterocyclic Compounds -- GENERAL SYNTHESIS OF HETEROCYCLIC COMPOUNDS -- CHEMISTRY & APPLICATIONS OF COPPER -- RECENT TRENDS IN COPPER-CATALYZED HETEROCYCLIC SYNTHESES -- Four Membered Heterocyclic Syntheses -- Five-Membered Heterocyclic Syntheses -- Six Membered and Higher Heterocyclic Synthesis -- Condensed/Fused Heterocyclic Syntheses -- CONCLUSION CONSENT FOR PUBLICATION -- CONFLICT OF INTEREST -- ACKNOWLEDGEMENTS -- REFERENCES -- Application of Modern Green Chemistry Methods in the Synthesis of Quinolines, Quinazolines and Quinazolinones -- Mario Komar1 and Maja Molnar1,* -- INTRODUCTION -- QUINOLINES -- Microwave-assisted Synthesis -- Ultrasound-assisted Synthesis -- Mechanochemical and Solvent-free Synthesis -- Synthesis in Deep Eutectic Solvents (DESs) -- Synthesis in Ionic Liquids (ILs) -- QUINAZOLINE -- QUINAZOLINONE -- Microwave-Assisted Synthesis -- Ultrasound-assisted Synthesis -- Mechanochemical and Solvent-free Synthesis Synthesis in Ionic Liquids (ILs) -- Synthesis in Deep Eutectic Solvents (DESs) -- CONCLUSIONS AND PERSPECTIVES -- CONSENT FOR PUBLICATION -- CONFLICT OF INTEREST -- ACKNOWLEDGEMENTS -- REFERENCES -- Electroluminescence Polymers-a Review on Synthesis by Organic Compounds -- Batool Saleh Haddad1,* and Widad Saleh Hanoosh1 -- INTRODUCTION -- Device Structure -- The Physics Involving Oleds -- Organic Semiconductors -- SSH Model of an Electronic Structure -- Mechanisms Used for Light Emission -- Methods for Synthesising the Polymeric LEDs Using Organic Compounds Thermo Conversion (Wessling-Zimmerman Route) -- Chlorine Precursor Route (CPR) -- Gilch Polycondensation -- Non-ionic Route -- Knoevenagel Polycondensation -- Heck-Coupling Polymerisation -- Wittig-Horner Condensation -- Chemical Vapour Deposition (CVD) -- Ring-Opening Metathesis Polymerisation (ROMP) -- Miscellaneous -- Conjugation Confinement -- Conjugated-Non-Conjugated Block Copolymers (CNCP)s -- Conjugated Polymers with Isolated Chromophores -- Main Chain Polymers with a Defined Segmentation -- Conjugated Main-chain Polymers with a Twisted Conformation Conjugated Main Chain Polymers with the Non-conjugated Interruption -- Soluble Conjugated Polymers Formed by Copolymerisation -- Block and Graft Copolymers -- Hyperbranched Conjugated Polymers -- High-Efficiency Polymeric LEDs -- Full-Colour and Colour Tuning PLED Displays -- Degradation Phenomena in the PLEDs -- Development of Polymeric Luminescent Materials -- Polyfluorene-Based Luminescent Polymers -- Polyfluorene Homopolymers -- Polyfluorene Alternating Copolymers -- Poly (p-phenylene Vinylene) and Derivatives -- Poly (p-phenylene Vinylene) from Soluble Precursors -- CONSENT FOR PUBLICATION. 330 $aAdvances in biochemistry, molecular biology, virology, and structural biology have enabled the researchers in veterinary medicine to make many exciting discoveries that have, in some cases, conceptually revolutionized our understanding of the discipline. Emerging Trends in Veterinary Virology is a review of selected topics about viral infections in animals. 11 chapters cover recent findings about specific viruses that infect a variety of hosts. The contents cover several types of veterinary infections in birds (Infectious laryngotracheitis (ILT), avian leucosis), cats (feline rabies), dogs (canine distemper), bovines (viral leukemia) and equines (hendra virus disease). Additionally, special topics such as the epidemiology of veterinary zoonoses and SARS are also covered. The book provides updated information for researchers (virologists, microbiologists), students and veterinarians, alike. 606 $aVeterinary medicine 606 $aVirology$xTechnique 610 $aVeterinary Medicine 610 $aMedical 615 0$aVeterinary medicine. 615 0$aVirology$xTechnique. 676 $a636.089 700 $aAbubakar$b Muhammad$01361543 701 $aWensman$b Jonas Johansson$01561665 801 0$bMiAaPQ 801 1$bMiAaPQ 801 2$bMiAaPQ 906 $aBOOK 912 $a9910795153103321 996 $aEmerging Trends in Veterinary Virology$93828621 997 $aUNINA